000 00667nam a22001937a 4500
003 OSt
005 20210226061828.0
008 210226s1991 ||||| |||| 00| 0 eng d
040 _aeng
_beng
_cDLC
041 _aeng
080 _a616.8
_bG-57
100 _91136
_aGoddard, B. Paul
245 _aThis Special Edition of Plates of the Cerebro-Spinal Nerves
_c: With References, for the Use of Medical Students
_b/ by: The Classics of Neurology and Neurosurgery Library
260 _aNew York
_bThe Classics of Neurology and Neurosurgery Library
_c1991
300 _a61 p.
_bill.
650 0 _9100
_aNeurology
653 _aნევროლოგია
942 _2udc
_cBK
999 _c1743
_d1743